| 000 | 00556nam a22001815i 4500 | ||
|---|---|---|---|
| 001 | 54467 | ||
| 003 | ES-MaACL | ||
| 007 | t| | ||
| 008 | 960724s1900 fr ||||1| fre d | ||
| 040 |
_aCAM _bspa _cCAM |
||
| 100 | 1 |
_aFouillée, Alfred, _d1838-1912 _951939 |
|
| 245 | 1 | 3 |
_aLa France au point de vue moral / _cpar Alfred Fouillée. |
| 250 | _a2e éd. | ||
| 260 |
_aParis : _bFélix Alcan, _c1900 ( _eEvreux : _fimprimerie de Charles Hérissey) |
||
| 300 |
_a[4], VI, 416 p. ; _c22 cm. |
||
| 852 |
_aES-MaACL _jB-6395 |
||
| 999 |
_c54467 _d54467 |
||